[Event "ICS Rated blitz match"]
[Site "204.178.125.65"]
[Date "2001.07.18"]
[Round "?"]
[White "rckj"]
[Black "Hossa"]
[Result "0-1"]
[WhiteElo "2024"]
[BlackElo "2606"]
[PlyCount "38"]
[EventDate "2001.??.??"]

1. d4 d5 2. e3 Nf6 3. Bd3 c5 4. c3 Nc6 5. f4 Bg4 6. Nf3 e6 7. Nbd2 Bd6 8. h3
Bf5 9. Bxf5 exf5 10. Ne5 Qe7 11. Qa4 O-O 12. Nxc6 bxc6 13. Kf2 Rfe8 14. Re1
Bxf4 15. Qxc6 Bxe3+ 16. Kf1 Rac8 17. Qb5 Nh5 18. g4 Qh4 19. Nf3 Qf2# {
rckj checkmated} 0-1

[Event "ICS rated blitz match"]
[Site "204.178.125.65"]
[Date "2001.07.18"]
[Round "?"]
[White "star51"]
[Black "Hossa"]
[Result "0-1"]
[WhiteElo "2094"]
[BlackElo "2623"]
[PlyCount "48"]
[EventDate "2001.??.??"]

1. e4 e5 2. d4 exd4 3. Bf4 Bb4+ 4. c3 dxc3 5. bxc3 Bc5 6. Qd5 d6 7. Bc4 Qe7 8.
e5 c6 9. Qd3 dxe5 10. Bd2 Nf6 11. f4 Ng4 12. fxe5 Nf2 13. Qe2 Bg4 14. Nf3 Nxh1
15. Bd3 Nf2 16. Be4 Nd7 17. a3 Nxe5 18. h3 Nxe4 19. hxg4 O-O-O 20. Qxe4 Nd3+
21. Kd1 Qxe4 22. Ng5 Nf2+ 23. Kc1 Qa4 24. Nxf7 Nd3# {star51 checkmated} 0-1

[Event "ICS Rated blitz match"]
[Site "204.178.125.65"]
[Date "2001.07.18"]
[Round "?"]
[White "Hossa"]
[Black "monsoon"]
[Result "1/2-1/2"]
[WhiteElo "2607"]
[BlackElo "2634"]
[PlyCount "148"]
[EventDate "2001.??.??"]

1. e4 c5 2. Nf3 d6 3. d4 cxd4 4. Nxd4 Nf6 5. Nc3 a6 6. Be2 e5 7. Nb3 Be7 8. Bg5
Be6 9. f4 exf4 10. Bxf4 Nc6 11. O-O Bxb3 12. axb3 O-O 13. Qd2 Qd7 14. Rad1 b5
15. Bf3 Qe6 16. Nd5 Rad8 17. Nxe7+ Nxe7 18. e5 dxe5 19. Qxd8 exf4 20. Qa5 Ned5
21. Rf2 Re8 22. Re2 Ne3 23. Rd8 h6 24. Rxe8+ Nxe8 25. Qd8 Kh7 26. h4 Nd6 27.
Qa8 Ndf5 28. Be4 g6 29. Bxf5 Qxf5 30. Qb7 Nxc2 31. Qxa6 f3 32. Rf2 Ne1 33. Qb7
Nxg2 34. Rxf3 Nf4 35. Kf2 g5 36. hxg5 hxg5 37. Rc3 Kg7 38. Qc8 Qf6 39. Qe8 Nd5+
40. Rf3 Qxb2+ 41. Ke1 Qc1+ 42. Kf2 Nf4 43. Rg3 Qd2+ 44. Kf1 Qd1+ 45. Kf2 Qd5
46. Qe3 Kh6 47. Qb6+ Kh7 48. Qe3 Qf5 49. Kg1 Kh6 50. Qe7 Qb1+ 51. Kf2 Qc2+ 52.
Kf1 Qd1+ 53. Kf2 Qd4+ 54. Kf1 Qa1+ 55. Kf2 Qb2+ 56. Ke1 Qc1+ 57. Kf2 Qd2+ 58.
Kf1 Nh5 59. Rg2 Qd5 60. Kg1 Nf4 61. Rg3 Kh5 62. Kh2 g4 63. Rg1 f5 64. Qh7+ Kg5
65. Qe7+ Kh6 66. Qe3 Qd6 67. Rf1 Kg5 68. Rf2 b4 69. Kg1 Qb8 70. Kh2 Qc7 71. Kg1
Qd6 72. Kh2 Qc7 73. Kg1 Qd6 74. Kh2 Qc7 {Game drawn by repetition} 1/2-1/2

[Event "ICS Rated blitz match"]
[Site "204.178.125.65"]
[Date "2001.07.18"]
[Round "?"]
[White "jo"]
[Black "Hossa"]
[Result "0-1"]
[WhiteElo "2507"]
[BlackElo "2608"]
[PlyCount "51"]
[EventDate "2001.??.??"]

1. e4 e5 2. Nf3 Nf6 3. Nc3 Nc6 4. Bc4 Nxe4 5. Nxe4 d5 6. Bxd5 Qxd5 7. d3 Bg4 8.
h3 Bh5 9. g4 Bg6 10. Qe2 O-O-O 11. Bd2 Nb4 12. Bxb4 Bxb4+ 13. Kf1 f6 14. a3 Be7
15. Nc3 Qc5 16. Qe3 Qc6 17. Rg1 Bc5 18. Qe2 Bd4 19. Nd1 e4 20. Nxd4 Rxd4 21.
Qe3 Rhd8 22. Rg3 Qxc2 23. Qe2 exd3 24. Qe6+ R4d7 25. Qe3 Re8 26. Kg1 {
jo resigns} 0-1

[Event "ICS Rated blitz match"]
[Site "204.178.125.65"]
[Date "2001.07.18"]
[Round "?"]
[White "monsoon"]
[Black "Hossa"]
[Result "1/2-1/2"]
[WhiteElo "2633"]
[BlackElo "2619"]
[PlyCount "144"]
[EventDate "2001.??.??"]

1. d4 Nf6 2. c4 e6 3. Nc3 Bb4 4. e3 O-O 5. Bd3 d5 6. Nf3 c5 7. O-O dxc4 8. Bxc4
Nbd7 9. Qe2 cxd4 10. exd4 Nb6 11. Bg5 Nxc4 12. Qxc4 Be7 13. Rac1 b6 14. Qd3 a5
15. Bxf6 Bxf6 16. Rfe1 Bb7 17. Ne4 Be7 18. a3 Rc8 19. Rxc8 Qxc8 20. Ne5 Rd8 21.
Nf3 Qc6 22. Qd2 Rc8 23. Nc3 Qc7 24. Qe3 Bxf3 25. Qxf3 Bxa3 26. bxa3 Qxc3 27.
Qxc3 Rxc3 28. d5 Rxa3 29. f4 Rd3 30. dxe6 fxe6 31. Rxe6 b5 32. Rb6 Rb3 33. Rb8+
Kf7 34. Rb7+ Kf6 35. g4 h6 36. Rb6+ Kf7 37. Rb7+ Kg8 38. h4 Rb4 39. g5 Kh7 40.
Kg2 Kg6 41. Kf3 h5 42. Ra7 a4 43. Ke3 Rb1 44. Ke4 Re1+ 45. Kd4 Rh1 46. Ke5 Rf1
47. Ke4 Kh7 48. f5 Kg8 49. Ra5 Rh1 50. Ke5 Re1+ 51. Kd6 Re8 52. Rxb5 Ra8 53.
Rb2 a3 54. Ra2 Kf7 55. Kc5 Ra5+ 56. Kc6 Ke7 57. Kb6 Rxf5 58. Rxa3 Rf4 59. Re3+
Kf7 60. Rh3 Ke6 61. Kc6 Kf5 62. Kd5 Kg4 63. Rh1 Kg3 64. Ke5 Rxh4 65. Rg1+ Kf2
66. Ra1 Rc4 67. g6 Rc7 68. Kf5 Kg3 69. Ra3+ Kh4 70. Ra4+ Kh3 71. Ra3+ Kh4 72.
Ra4+ Kh3 {Game drawn by mutual agreement} 1/2-1/2

[Event "ICS rated standard match"]
[Site "204.178.125.65"]
[Date "2001.07.18"]
[Round "?"]
[White "Hossa"]
[Black "subhas"]
[Result "1-0"]
[WhiteElo "2306"]
[BlackElo "2000"]
[PlyCount "51"]
[EventDate "2001.??.??"]

1. e4 e5 2. Nf3 Nc6 3. Bb5 d6 4. d4 exd4 5. Nxd4 Bd7 6. Nxc6 bxc6 7. Ba6 Nf6 8.
O-O Be7 9. Nc3 O-O 10. f3 Rb8 11. Rb1 Be6 12. Be3 c5 13. Qd2 Rb6 14. Qe2 d5 15.
Na4 Rb4 16. Nxc5 dxe4 17. a3 exf3 18. Rxf3 Rh4 19. g3 Rh5 20. Nxe6 fxe6 21.
Rxf6 Re5 22. Rxf8+ Qxf8 23. Rf1 Qb8 24. Qf3 Qxb2 25. Qf7+ Kh8 26. Qe8+ {
subhas resigns} 1-0

[Event "ICS rated bullet match"]
[Site "204.178.125.65"]
[Date "2001.07.18"]
[Round "?"]
[White "Hossa"]
[Black "ChesterX"]
[Result "0-1"]
[WhiteElo "2613"]
[BlackElo "2599"]
[PlyCount "100"]
[EventDate "2001.??.??"]

1. e4 c5 2. Nf3 e6 3. d3 Nc6 4. Be2 Nf6 5. Bg5 Be7 6. O-O O-O 7. Nfd2 d5 8. c3
e5 9. Bxf6 Bxf6 10. exd5 Qxd5 11. Ne4 Be7 12. Bf3 Qd7 13. Ng3 Rd8 14. Re1 Bf6
15. Be4 Qd6 16. Nd2 Be6 17. Qf3 Rac8 18. Nf5 Qd7 19. Nh6+ Kh8 20. Qh5 g6 21.
Qe2 Bg7 22. Qe3 f5 23. Bxc6 Qxc6 24. Nf1 Qd6 25. Rad1 Qf8 26. Nd2 Bxa2 27. b3
Bxh6 28. Qxe5+ Kg8 29. f4 Rxd3 30. Qe6+ Kh8 31. Qe2 Rcd8 32. Rf1 Qe8 33. Rfe1
Qxe2 34. Rxe2 Bxb3 35. Rb1 Bc2 36. Rb2 Rxd2 37. Rxc2 Rxc2 38. Rxc2 Bxf4 39. Re2
b5 40. Re7 a5 41. Ra7 b4 42. c4 b3 43. Kf2 b2 44. Rb7 Rb8 45. Re7 b1=Q 46. Re2
Bxh2 47. Rd2 Bg1+ 48. Kg3 Qe4 49. Rd8+ Rxd8 50. Kh3 Qg4# {Hossa checkmated} 0-1

[Event "ICS rated blitz match"]
[Site "204.178.125.65"]
[Date "2001.07.18"]
[Round "?"]
[White "Hossa"]
[Black "ChesterX"]
[Result "0-1"]
[WhiteElo "2624"]
[BlackElo "2760"]
[PlyCount "143"]
[EventDate "2001.??.??"]

1. Nf3 g6 2. d4 d6 3. e4 Bg7 4. Bd3 Nf6 5. O-O O-O 6. Nc3 Bg4 7. Be3 Nc6 8. d5
Ne5 9. Be2 Nxf3+ 10. Bxf3 Bd7 11. Bd4 e5 12. dxe6 Bxe6 13. e5 dxe5 14. Bxe5 c6
15. Qc1 Re8 16. Re1 Bf5 17. Rd1 Qe7 18. Bd6 Qe6 19. Bc7 Rac8 20. Bf4 Rcd8 21.
Rxd8 Rxd8 22. Bg5 Rd7 23. h3 Ne4 24. Bxe4 Bxe4 25. Nxe4 Qxe4 26. Be3 a5 27. c3
a4 28. Bc5 Rd5 29. Bb4 Qe2 30. Qe1 Qe6 31. Qf1 Re5 32. Ba3 h6 33. Qd1 b5 34.
Qd8+ Kh7 35. Qd2 Qc4 36. Qd6 Re2 37. Rf1 Be5 38. Qd7 h5 39. g3 h4 40. Qg4 Qxg4
41. hxg4 hxg3 42. fxg3 Kg7 43. Rf3 f6 44. Kf1 Rd2 45. g5 fxg5 46. Bf8+ Kh7 47.
Ba3 g4 48. Re3 Bb8 49. Re4 Kg7 50. Re7+ Kf6 51. Re3 Be5 52. Be7+ Kf5 53. Ba3
Rd1+ 54. Kg2 Ra1 55. Re2 Rxa2 56. Rc2 Bxc3 57. Rxc3 b4 58. Rc5+ Ke6 59. Bxb4
Rxb2+ 60. Kg1 Rxb4 61. Rxc6+ Kf5 62. Kf2 a3 63. Ra6 Rb2+ 64. Ke3 Rb3+ 65. Kd4
Rxg3 66. Ra5+ Kf4 67. Ra6 Rf3 68. Re6 a2 69. Rf6+ Kg5 70. Ra6 g3 71. Rxa2 g2
72. Ke4 {Hossa resigns} 0-1

[Event "ICS rated blitz match"]
[Site "204.178.125.65"]
[Date "2001.07.18"]
[Round "?"]
[White "bigd1"]
[Black "Hossa"]
[Result "0-1"]
[WhiteElo "2125"]
[BlackElo "2614"]
[PlyCount "94"]
[EventDate "2001.??.??"]

1. e4 e5 2. Nf3 Nf6 3. Nc3 Nc6 4. Bb5 Nd4 5. Ba4 c6 6. Nxe5 d6 7. Nf3 Nxf3+ 8.
Qxf3 Bg4 9. Qg3 b5 10. Bb3 Be7 11. d3 O-O 12. O-O b4 13. Nd1 Qd7 14. Ne3 Be6
15. f4 Qc7 16. f5 Bxb3 17. axb3 Rfe8 18. Ng4 Nxg4 19. Qxg4 Bf6 20. Qf3 d5 21.
g4 Bd4+ 22. Kh1 dxe4 23. dxe4 Qe5 24. g5 Qxe4 25. Qxe4 Rxe4 26. Ra6 c5 27. g6
Re2 28. gxh7+ Kxh7 29. Rd6 Rxc2 30. Bf4 Rxb2 31. Bg3 Rxb3 32. Rd7 Kg8 33. Bd6
a5 34. Rc7 Rc3 35. Rb7 Rc2 36. Bg3 a4 37. Re7 a3 38. Be5 Bxe5 39. Rxe5 a2 40.
Ree1 b3 41. f6 b2 42. fxg7 a1=Q 43. h4 Rc1 44. Kg2 Rxe1 45. Rf2 b1=Q 46. h5
Qxg7+ 47. Kf3 Qe4# {bigd1 checkmated} 0-1

[Event "ICS rated standard match"]
[Site "204.178.125.65"]
[Date "2001.07.18"]
[Round "?"]
[White "nitmo"]
[Black "Hossa"]
[Result "0-1"]
[WhiteElo "2029"]
[BlackElo "2306"]
[PlyCount "56"]
[EventDate "2001.??.??"]

1. e4 c6 2. d4 d5 3. e5 Bf5 4. Bd3 Bxd3 5. Qxd3 e6 6. Ne2 c5 7. c3 Nd7 8. O-O
Be7 9. f4 Nh6 10. Ng3 g6 11. Nd2 O-O 12. Nf3 cxd4 13. cxd4 Rc8 14. Ng5 Qb6 15.
h4 Ng4 16. Kh1 h6 17. Nf3 h5 18. Ng5 Qc6 19. f5 exf5 20. Nxf5 gxf5 21. Qxf5
Bxg5 22. Bxg5 Qe6 23. Qf3 f6 24. exf6 Ndxf6 25. Rae1 Ne4 26. Qb3 Rxf1+ 27. Rxf1
Qd6 28. Bf4 Qxf4 {nitmo resigns} 0-1

[Event "ICS rated blitz match"]
[Site "204.178.125.65"]
[Date "2001.07.18"]
[Round "?"]
[White "Hossa"]
[Black "Mink"]
[Result "0-1"]
[WhiteElo "2616"]
[BlackElo "2594"]
[PlyCount "176"]
[EventDate "2001.??.??"]

1. e4 e5 2. Nf3 Nc6 3. Bb5 a6 4. Ba4 Nf6 5. O-O Be7 6. Bxc6 dxc6 7. Qe1 Nd7 8.
b3 Bc5 9. d3 O-O 10. Be3 Qe7 11. Qe2 Nf6 12. c3 Bxe3 13. fxe3 Bg4 14. Nbd2 Rad8
15. Nc4 b5 16. Nb2 c5 17. a4 Ra8 18. Qf2 Rfe8 19. c4 c6 20. Ng5 Rf8 21. Qh4 h6
22. Nf3 bxa4 23. bxa4 Rab8 24. Rab1 Rb4 25. Qg3 Bxf3 26. Qxf3 Rfb8 27. Qe2 Qb7
28. Rf2 Rxa4 29. Nxa4 Qxb1+ 30. Rf1 Qb4 31. Ra1 h5 32. Qc2 Qa5 33. Qc1 Rb3 34.
Qd1 Rb7 35. Qc1 Rb3 36. Qd1 Rb7 37. Qc1 Ng4 38. h3 Nf6 39. Qc2 h4 40. Qf2 Rb3
41. Qc2 Rb8 42. Qf2 Rd8 43. Qe2 Nd7 44. Qd1 Rb8 45. Nb2 Qb4 46. Na4 Nf8 47. Qc2
Ne6 48. Qf2 Qb3 49. Qd2 Rb4 50. Nc3 Qb2 51. Qxb2 Rxb2 52. Nd1 Rb6 53. Kf2 f6
54. Kf3 Ng5+ 55. Kg4 Rb3 56. Nf2 Rb2 57. Rf1 a5 58. Kxh4 a4 59. Kg3 a3 60. h4
a2 61. Ra1 Ne6 62. Kf3 Nc7 63. Kg3 Na6 64. Nd1 Rc2 65. Kf3 Nb4 66. d4 cxd4 67.
exd4 exd4 68. h5 Nd3 69. g4 Nc5 70. g5 Nb3 71. Rxa2 Nd2+ 72. Kf4 fxg5+ 73. Kxg5
Rxa2 74. Kf4 Nxc4 75. Kg3 Ne5 76. Nf2 Re2 77. Nh1 d3 78. Nf2 d2 79. Nd1 Rxe4
80. Kf2 Re1 81. h6 gxh6 82. Nb2 Nc4 83. Nxc4 d1=Q 84. Ne3 Qe2+ 85. Kg3 Qxe3+
86. Kg4 Rg1+ 87. Kf5 Rg5+ 88. Kf6 Qe5# {Hossa checkmated} 0-1

[Event "ICS rated blitz match"]
[Site "204.178.125.65"]
[Date "2001.07.18"]
[Round "?"]
[White "Hossa"]
[Black "QueenMaxima"]
[Result "1-0"]
[WhiteElo "2599"]
[BlackElo "2557"]
[PlyCount "91"]
[EventDate "2001.??.??"]

1. e4 e6 2. d4 Nf6 3. e5 Nd5 4. Nf3 Nc6 5. c4 Bb4+ 6. Ke2 Nb6 7. c5 Nc4 8. a3
Bxc5 9. dxc5 N4xe5 10. Nxe5 Nxe5 11. f4 Nc6 12. Kf2 b6 13. Bb5 Bb7 14. cxb6
Qh4+ 15. g3 Qe7 16. Be3 axb6 17. Re1 O-O 18. Kg1 Ba6 19. Nc3 Bxb5 20. Nxb5 Qd8
21. Rc1 Qc8 22. Qh5 Qb7 23. f5 Rfe8 24. f6 gxf6 25. Bh6 Ne7 26. Nxc7 Rec8 27.
Qg4+ Ng6 28. Qd4 Qf3 29. Nxa8 Rxa8 30. Qxd7 Nf8 31. Rc8 Qh5 32. Bxf8 Rxc8 33.
Qxc8 h6 34. Be7+ Kh7 35. Bxf6 Qc5+ 36. Qxc5 bxc5 37. Rf1 Kg6 38. a4 e5 39. Bxe5
f6 40. Rxf6+ Kg5 41. Kg2 c4 42. Kf3 c3 43. h4+ Kh5 44. g4+ Kxh4 45. Rxh6+ Kg5
46. Bf4# {QueenMaxima checkmated} 1-0

[Event "ICS rated blitz match"]
[Site "204.178.125.65"]
[Date "2001.07.18"]
[Round "?"]
[White "QueenMaxima"]
[Black "Hossa"]
[Result "1-0"]
[WhiteElo "2543"]
[BlackElo "2613"]
[PlyCount "121"]
[EventDate "2001.??.??"]

1. d4 d5 2. c4 c6 3. e3 Bf5 4. Qb3 Qc7 5. cxd5 cxd5 6. Nc3 e6 7. Bd2 Nc6 8. Rc1
Be7 9. Nb5 Qd7 10. Nf3 a6 11. Ne5 Qd8 12. Nc3 Nxe5 13. dxe5 b5 14. a4 d4 15.
Nd1 d3 16. f3 Qd5 17. Qxd5 exd5 18. Nf2 bxa4 19. Bxd3 Bxd3 20. Nxd3 Rb8 21. Rc3
Kd8 22. O-O Bb4 23. Nxb4 Rxb4 24. Rc8+ Kxc8 25. Bxb4 Nh6 26. Rd1 Rd8 27. Kf2
Kb7 28. g4 Ng8 29. Ke2 Kc6 30. Bd6 Rc8 31. Rc1+ Kd7 32. Rxc8 Kxc8 33. Kd3 Kd7
34. Kd4 Kc6 35. Bf8 g5 36. Bc5 h6 37. Bb4 a5 38. Ba3 h5 39. gxh5 Nh6 40. e4
dxe4 41. Kxe4 Kd7 42. Bf8 a3 43. bxa3 f5+ 44. Kd5 Nf7 45. e6+ Ke8 46. exf7+
Kxf7 47. Bd6 a4 48. Ke5 f4 49. Kf5 g4 50. fxg4 f3 51. Bc5 Kg7 52. Bf2 Kh7 53.
g5 Kg8 54. h6 Kf8 55. h7 Kf7 56. g6+ Ke7 57. g7 Kd6 58. h8=Q Ke7 59. Qc8 Kd6
60. Bc5+ Kd5 61. g8=Q# {Hossa checkmated} 1-0

[Event "ICS rated standard match"]
[Site "204.178.125.65"]
[Date "2001.07.18"]
[Round "?"]
[White "Magellen"]
[Black "Hossa"]
[Result "1-0"]
[WhiteElo "2169"]
[BlackElo "2311"]
[PlyCount "64"]
[EventDate "2001.??.??"]

1. d4 Nf6 2. Bg5 d5 3. Bxf6 exf6 4. e3 Be6 5. Bd3 Bd6 6. Nd2 Nd7 7. c4 dxc4 8.
Nxc4 Bxc4 9. Bxc4 O-O 10. Nf3 Bb4+ 11. Ke2 Nb6 12. Bd3 g6 13. h4 Qe7 14. h5 c6
15. Qb3 Nd5 16. hxg6 fxg6 17. Rh4 f5 18. Rah1 h5 19. Ne5 Kg7 20. g4 fxg4 21.
Bxg6 Qf6 22. R4h2 h4 23. Kd1 Be7 24. Rxh4 Qxh4 25. Rxh4 Bxh4 26. Qxb7+ Ne7 27.
Be4 Rad8 28. Nxc6 Rde8 29. Qd7 Rh8 30. Qxg4+ Kf6 31. Ne5 Reg8 32. Qf4+ Kg7 {
Hossa resigns} 1-0

[Event "ICS rated blitz match"]
[Site "204.178.125.65"]
[Date "2001.07.18"]
[Round "?"]
[White "sivacash"]
[Black "Hossa"]
[Result "0-1"]
[WhiteElo "2174"]
[BlackElo "2597"]
[PlyCount "44"]
[EventDate "2001.??.??"]

1. d4 Nf6 2. c4 e6 3. Nc3 Bb4 4. e3 O-O 5. Bd3 c5 6. Nge2 d5 7. cxd5 exd5 8.
dxc5 Bxc5 9. Bd2 Nc6 10. O-O Ne5 11. Bb1 Nc4 12. Bc1 Bg4 13. h3 Bh5 14. b3 Nb6
15. Nb5 Qe7 16. Bb2 Ne4 17. Nbd4 Qg5 18. Bd3 Bxd4 19. Bxd4 Bf3 20. g3 Qh5 21.
Kh2 Ng5 22. h4 Qg4 {sivacash resigns} 0-1

[Event "ICS rated blitz match"]
[Site "204.178.125.65"]
[Date "2001.07.18"]
[Round "?"]
[White "AvernoX"]
[Black "Hossa"]
[Result "1-0"]
[WhiteElo "2206"]
[BlackElo "2600"]
[PlyCount "123"]
[EventDate "2001.??.??"]

1. Nf3 Nf6 2. c3 d5 3. d4 e6 4. Bg5 c5 5. Nbd2 cxd4 6. Nxd4 e5 7. N4f3 Nc6 8.
Qa4 h6 9. Bh4 Bd7 10. Bxf6 Qxf6 11. Qb3 O-O-O 12. Qxd5 Be6 13. Qb5 Rd5 14. Qa4
Bd6 15. b4 Bb8 16. e4 Rd6 17. Nc4 Rd7 18. Ne3 Qf4 19. b5 Nd8 20. Nd2 Rf8 21.
Qa3 Re8 22. c4 f5 23. g3 Qg5 24. Qc5+ Rc7 25. Qxe5 Rxc4 26. Qb2 Rc5 27. Qd4 Qe7
28. Qa4 Qf6 29. Rd1 Qc3 30. Be2 fxe4 31. O-O Bh3 32. Nxe4 Rxe4 33. Qxe4 Bc7 34.
Nd5 Rxd5 35. Qxd5 Qf6 36. Rfe1 Kb8 37. Bc4 Bg4 38. Rd3 Bf5 39. Rf3 g6 40. Qd2
h5 41. Bd5 Qg7 42. Be4 Bh3 43. Qg5 Bg4 44. Rd3 Ne6 45. Qxg6 Qf8 46. f3 Bb6+ 47.
Kg2 Nc5 48. Qd6+ Qxd6 49. Rxd6 Bd7 50. a4 Bc8 51. Bc2 Ba5 52. Re2 a6 53. Rd5
Bb4 54. Re8 Kc7 55. Rxc8+ Kxc8 56. b6 Ne4 57. Bxe4 Be7 58. Bf5+ Kb8 59. Re5 h4
60. Rxe7 h3+ 61. Kf2 a5 62. Re8# {Hossa checkmated} 1-0

[Event "ICS rated bullet match"]
[Site "204.178.125.65"]
[Date "2001.07.18"]
[Round "?"]
[White "subjectivity"]
[Black "Hossa"]
[Result "0-1"]
[WhiteElo "2040"]
[BlackElo "2596"]
[PlyCount "72"]
[EventDate "2001.??.??"]

1. b3 e6 2. Bb2 Nf6 3. Nf3 d6 4. e3 Be7 5. Be2 O-O 6. O-O e5 7. h3 e4 8. Ne1
Bf5 9. d3 Nc6 10. Nd2 d5 11. dxe4 Nxe4 12. Nxe4 dxe4 13. Qxd8 Rfxd8 14. g4 Be6
15. Bc3 Nb4 16. a3 Nd5 17. Bb2 h5 18. Kg2 hxg4 19. hxg4 Nf6 20. Kg3 Rd2 21. Bc4
Bxg4 22. Ng2 Bf3 23. Nh4 Bd6+ 24. Kh3 Bg4+ 25. Kg2 Nh5 26. Rad1 Rxd1 27. Rxd1
Bxd1 28. f4 exf3+ 29. Nxf3 Bxc2 30. Bc3 Be4 31. Be1 Bxa3 32. Be2 Bc5 33. Kf2
Nf4 34. Kf1 Bxe3 35. Bd1 Bd3+ 36. Be2 Bxe2# {subjectivity checkmated} 0-1

[Event "ICS rated bullet match"]
[Site "204.178.125.65"]
[Date "2001.07.18"]
[Round "?"]
[White "Hossa"]
[Black "winner3"]
[Result "1-0"]
[WhiteElo "2597"]
[BlackElo "1770"]
[PlyCount "111"]
[EventDate "2001.??.??"]

1. e4 e5 2. Nf3 Nc6 3. Bb5 Nf6 4. O-O d6 5. d4 Bd7 6. dxe5 Nxe5 7. Bxd7+ Qxd7
8. Nc3 Nxf3+ 9. Qxf3 Be7 10. Nd5 Nxd5 11. exd5 O-O-O 12. Qxf7 Bf6 13. Qxd7+
Kxd7 14. Re1 Rde8 15. Rxe8 Rxe8 16. Be3 Bxb2 17. Rb1 Ba3 18. Rxb7 Bc5 19. Rb3
Bxe3 20. fxe3 Re5 21. c4 Re4 22. Rc3 c6 23. Ra3 cxd5 24. cxd5 Ke7 25. Rxa7+ Kf6
26. Kf2 Rb4 27. Rd7 Rb2+ 28. Kf3 Ke5 29. Rxg7 Kxd5 30. Rxh7 Rxa2 31. Rh5+ Ke6
32. g4 Ra8 33. h4 Rf8+ 34. Ke4 Rf1 35. Rh6+ Ke7 36. g5 Rg1 37. g6 Kf6 38. h5
Rg4+ 39. Kd5 Rg5+ 40. Kxd6 Rg3 41. g7+ Kxg7 42. Rg6+ Rxg6+ 43. hxg6 Kxg6 44.
Ke6 Kg7 45. e4 Kf8 46. e5 Ke8 47. Kd6 Kd8 48. e6 Ke8 49. e7 Kf7 50. Kd7 Kf6 51.
e8=Q Kf5 52. Qe3 Kg6 53. Ke6 Kg7 54. Qg3+ Kf8 55. Qg2 Ke8 56. Qg8# {
winner3 checkmated} 1-0

[Event "ICS rated bullet match"]
[Site "204.178.125.65"]
[Date "2001.07.18"]
[Round "?"]
[White "winner3"]
[Black "Hossa"]
[Result "0-1"]
[WhiteElo "1770"]
[BlackElo "2597"]
[PlyCount "56"]
[EventDate "2001.??.??"]

1. e4 e5 2. Nf3 Nf6 3. Nc3 Nc6 4. Be2 Bb4 5. O-O d6 6. d3 O-O 7. Bg5 Bxc3 8.
bxc3 h6 9. Bh4 g5 10. Bg3 Nh5 11. Nd2 Nxg3 12. hxg3 f5 13. f4 gxf4 14. gxf4
fxe4 15. fxe5 e3 16. Rxf8+ Qxf8 17. Nc4 Qf2+ 18. Kh1 d5 19. Na3 Qh4+ 20. Kg1
Nxe5 21. Bf3 Qf2+ 22. Kh1 Be6 23. Nb5 Qh4+ 24. Kg1 Rf8 25. Nxc7 Nxf3+ 26. gxf3
Qg3+ 27. Kh1 Rf4 28. Nxe6 Rh4# {winner3 checkmated} 0-1

[Event "ICS rated bullet match"]
[Site "204.178.125.65"]
[Date "2001.07.18"]
[Round "?"]
[White "Hossa"]
[Black "winner3"]
[Result "1-0"]
[WhiteElo "2597"]
[BlackElo "1770"]
[PlyCount "45"]
[EventDate "2001.??.??"]

1. e4 e5 2. Nf3 Nc6 3. Bb5 Nf6 4. O-O d6 5. d4 Bd7 6. dxe5 Nxe5 7. Bxd7+ Qxd7
8. Nc3 Be7 9. Nxe5 dxe5 10. Qe2 O-O 11. Bg5 h6 12. Bxf6 Bxf6 13. Rad1 Qc6 14.
Nd5 Rad8 15. Rd3 Rd6 16. Rc3 Qa6 17. Qxa6 Rxa6 18. Rxc7 Rxa2 19. Rxb7 a5 20.
Nc3 Rc8 21. Nxa2 Rxc2 22. Rc1 Rxc1+ 23. Nxc1 {winner3 resigns} 1-0

[Event "ICS rated blitz match"]
[Site "204.178.125.65"]
[Date "2001.07.18"]
[Round "?"]
[White "Hossa"]
[Black "ChesterX"]
[Result "0-1"]
[WhiteElo "2571"]
[BlackElo "2771"]
[PlyCount "91"]
[EventDate "2001.??.??"]

1. e4 c6 2. d4 d5 3. exd5 cxd5 4. c4 Nf6 5. Nc3 e6 6. Nf3 Bb4 7. a3 Bxc3+ 8.
bxc3 O-O 9. Bb2 b6 10. cxd5 exd5 11. Be2 Ba6 12. Bxa6 Nxa6 13. O-O Re8 14. Re1
Rxe1+ 15. Qxe1 Nc7 16. Ne5 Qe7 17. f3 Re8 18. Qh4 Nb5 19. a4 Nd6 20. Ba3 Qc7
21. Bxd6 Qxd6 22. Qf4 Re7 23. Qf5 Ne8 24. Rc1 Qh6 25. f4 Nd6 26. Qg4 Rc7 27.
Re1 f5 28. Qf3 Ne4 29. Re3 Qh4 30. g3 Qe7 31. c4 dxc4 32. Qd1 c3 33. Qc2 Qd6
34. Rd3 Qd5 35. Rd1 Nd2 36. Qd3 Nb3 37. Qc2 Nxd4 38. Qg2 Qc5 39. Kf1 c2 40. Rc1
g6 41. Qd2 Nb3 42. Qd8+ Kg7 43. Nd3 Qc4 44. Kf2 Nxc1 45. Nxc1 Qc6 46. Qd4+ {
Hossa resigns} 0-1

[Event "ICS rated blitz match"]
[Site "204.178.125.65"]
[Date "2001.07.18"]
[Round "?"]
[White "Hossa"]
[Black "Tinker"]
[Result "0-1"]
[WhiteElo "2563"]
[BlackElo "2536"]
[PlyCount "185"]
[EventDate "2001.??.??"]

1. e4 c5 2. Nf3 d6 3. Nc3 Nc6 4. Bc4 e5 5. O-O Be7 6. d3 Nf6 7. Bd2 Bg4 8. h3
Bh5 9. Nd5 Nxd5 10. Bxd5 O-O 11. c3 Qb6 12. Qe2 Bxf3 13. gxf3 Bf6 14. f4 Ne7
15. Bc4 exf4 16. Bxf4 Rad8 17. Rfe1 d5 18. exd5 Nxd5 19. Bg3 Qc6 20. Qf3 b5 21.
Bxd5 Qxd5 22. Qxd5 Rxd5 23. Rad1 a5 24. Kg2 a4 25. a3 h6 26. Re3 Rfd8 27. Bc7
R8d7 28. Bf4 Kh7 29. Kf3 g5 30. Bb8 b4 31. axb4 cxb4 32. d4 Ra5 33. Rd2 a3 34.
bxa3 bxc3 35. Rxc3 Rxd4 36. Ra2 Rh4 37. Rc6 Be7 38. a4 Raxa4 39. Rxa4 Rxa4 40.
Be5 Bf8 41. Rc7 Kg6 42. Rc6+ Kh5 43. Bf6 Ra3+ 44. Kg2 Ra7 45. Be5 f5 46. Bb8
Ra8 47. Be5 f4 48. Bh8 Ra2 49. Rc8 Bb4 50. Bd4 Rd2 51. Be5 Kh4 52. Rc6 h5 53.
Rc4 Be7 54. Re4 Bd8 55. Bd4 Bc7 56. Bc3 Ra2 57. Bf6 Ra6 58. Be7 Bd6 59. Bf6 Ra5
60. Bd4 Ra2 61. Re6 Ba3 62. Rg6 Rc2 63. Bf6 Rc5 64. Be7 Ra5 65. Bd8 Rd5 66. Rg8
Bb2 67. Be7 Re5 68. Bd8 Bc3 69. Rf8 Bd2 70. Bf6 f3+ 71. Kxf3 Rf5+ 72. Ke4 Rf4+
73. Kd3 Bb4 74. Rb8 Bd6 75. Bxg5+ Kxg5 76. Rb5+ Kh4 77. Ke2 Rf7 78. Rd5 Bb8 79.
Rd3 Ba7 80. f4 Rxf4 81. Ra3 Rf2+ 82. Ke1 Rf7 83. Ke2 Bb8 84. Ra5 Rh7 85. Kf3
Kxh3 86. Ra8 Bd6 87. Ra6 Rh6 88. Rc6 h4 89. Rc2 Rf6+ 90. Ke2 Kg3 91. Rc8 Kg2
92. Ke3 Rf3+ 93. Ke4 {Hossa resigns} 0-1

[Event "ICS rated blitz match"]
[Site "204.178.125.65"]
[Date "2001.07.18"]
[Round "?"]
[White "baldomero"]
[Black "Hossa"]
[Result "0-1"]
[WhiteElo "2251"]
[BlackElo "2546"]
[PlyCount "92"]
[EventDate "2001.??.??"]

1. e4 c6 2. d4 d5 3. Nd2 dxe4 4. Nxe4 Bf5 5. Ng3 Bg6 6. h4 h6 7. h5 Bh7 8. Nf3
e6 9. Bd3 Bxd3 10. Qxd3 Qc7 11. Bd2 Nd7 12. O-O-O Ngf6 13. Qe2 O-O-O 14. Ne5
Nxe5 15. dxe5 Nd7 16. f4 Nc5 17. Ne4 Nxe4 18. Qxe4 Bc5 19. Be3 Qb6 20. Bxc5
Qxc5 21. g4 Qf2 22. Rhf1 Rxd1+ 23. Rxd1 Rd8 24. Rxd8+ Kxd8 25. f5 exf5 26. gxf5
Qg1+ 27. Kd2 Qg5+ 28. Kc3 Qxh5 29. b3 Qd1 30. Kb2 Ke8 31. c4 Qd2+ 32. Kb1 Ke7
33. a4 Qc3 34. Ka2 a5 35. Qh4+ Ke8 36. Qe4 Qd2+ 37. Kb1 Kf8 38. e6 Qd1+ 39. Ka2
Qd6 40. exf7 Kxf7 41. Qg4 Qd2+ 42. Kb1 Qg5 43. Qe4 Qf6 44. Qg4 g6 45. fxg6+
Qxg6+ 46. Qxg6+ Kxg6 {baldomero resigns} 0-1

[Event "ICS rated blitz match"]
[Site "204.178.125.65"]
[Date "2001.07.19"]
[Round "?"]
[White "Hossa"]
[Black "AvernoX"]
[Result "1-0"]
[WhiteElo "2551"]
[BlackElo "2241"]
[PlyCount "113"]
[EventDate "2001.??.??"]

1. e4 c5 2. Nf3 a6 3. d4 cxd4 4. Nxd4 Nc6 5. Nc3 Nxd4 6. Qxd4 d6 7. Bc4 e5 8.
Qd3 Nf6 9. O-O Be7 10. Rd1 Qb6 11. Be3 Qc7 12. Bg5 Be6 13. Bb3 Qc5 14. Bxf6
gxf6 15. Nd5 Bxd5 16. Bxd5 Qb4 17. Rab1 Rg8 18. Qh3 Rg7 19. Qh6 Kf8 20. Rd3 Kg8
21. Rb3 Qa4 22. Rxb7 Re8 23. c3 f5 24. Qh5 fxe4 25. Rd1 a5 26. g3 Kf8 27. Re1
Rd8 28. Qe2 Rc8 29. Rb5 e3 30. fxe3 Bd8 31. Rf1 Bg5 32. e4 Ke8 33. Rb7 Kd8 34.
Qf2 Rc5 35. Qf5 Rc8 36. Kh1 h6 37. h4 Be7 38. Rxe7 Kxe7 39. Qxc8 Qd7 40. Qxd7+
Kxd7 41. Rxf7+ Rxf7 42. Bxf7 Ke7 43. Bd5 Kd7 44. a4 Kc7 45. b4 axb4 46. cxb4 h5
47. a5 Kb8 48. b5 Kc7 49. b6+ Kd7 50. a6 Ke7 51. b7 Kf6 52. a7 Kg6 53. a8=R Kg7
54. Rg8+ Kh7 55. b8=Q Kh6 56. Qxd6+ Kh7 57. Qg6# {AvernoX checkmated} 1-0